Do bordelu kvôli pochopeniu

Podrobná bibliografia
Hlavní autori: Gubková, Nora (Autor), Bianchi, Gabriel, 1955- (Autor), Popper, Miroslav, 1964- (Autor)
Médium: Článok
Jazyk:slovenčina
Fyzický popis:Fotogr.
ISSN:1335-4426
Predmet:

MARC

LEADER 00000nab a2200000 ar4500
001 vtls009168764
003 SK-MaSNL
005 20260303055125.0
008 071219c2007 xo wr|p|||||||000 b|slo
015 |a SNBRB2007/12  |2 snkbucl 
040 |a SNKBUCL  |b slo  |c SNKBUCL  |e AACR2 
041 0 |a slo 
044 |a xo  |c SK 
080 |a 343.544  |2 2001 
080 |a 159.9  |2 2001 
080 |a 176.5  |2 2001 
100 1 |a Gubková, Nora  |4 ive  |4 aut  |9 267045 
245 1 0 |a Do bordelu kvôli pochopeniu  |c Nora Gubková, Gabriel Bianchi, Miroslav Popper 
300 |b Fotogr. 
500 |a Do č. 5 vychádzalo periodikum ako Domino fórum 
650 0 7 |a sexbiznis  |2 snkbucl  |9 1050086 
650 0 7 |a klienti prostitútok  |2 snkbucl  |9 1050087 
650 0 7 |a prostitútky  |2 snkbucl  |9 327993 
650 0 7 |a psychologické poznatky  |2 snkbucl  |9 1050088 
700 1 |a Bianchi, Gabriel,  |d 1955-  |4 ive  |4 aut  |9 109676 
700 1 |a Popper, Miroslav,  |d 1964-  |4 ive  |4 aut  |9 211850 
773 0 |t Domino efekt  |g Roč. XVI, č. 47 (2007), s. 21-23  |x 1335-4426 
852 |a SNK  |b KIS3GCP 
958 |a SK 
999 |c 1726015  |d 1727945